Catálogo
 En Linea

Los militares y la política en la República Dominicana / (Registro nro. 3694)

Detalles MARC
000 -CABECERA
campo de control de longitud fija 01532nam a2200313 a 4500
001 - NÚMERO DE CONTROL
campo de control 000003872
003 - IDENTIFICADOR DEL NÚMERO DE CONTROL
campo de control DO-SdBNP
005 - FECHA Y HORA DE LA ÚLTIMA TRANSACCIÓN
campo de control 20250621074004.0
007 - CAMPO FIJO DE DESCRIPCIÓN FÍSICA--INFORMACIÓN GENERAL
campo de control de longitud fija ta
008 - DATOS DE LONGITUD FIJA--INFORMACIÓN GENERAL
campo de control de longitud fija 090714t1987 dr ad 001 0 spa d
040 ## - FUENTE DE LA CATALOGACIÓN
Centro catalogador/agencia de origen DO-SdBNP
Lengua de catalogación spa
Centro/agencia transcriptor BNPHU
082 #4 - NÚMERO DE LA CLASIFICACIÓN DECIMAL DEWEY
Número de clasificación 322.5097293
Número de documento/Ítem A873m
Número de edición 22
100 1# - ENTRADA PRINCIPAL--NOMBRE DE PERSONA
Nombre de persona Atkins, G. Pope
9 (RLIN) 11685
240 10 - TÍTULO UNIFORME
Título uniforme Arms & politics in the Dominican Republic
245 14 - MENCIÓN DE TÍTULO
Título Los militares y la política en la República Dominicana /
Mención de responsabilidad, etc. G. Pope Atkins ; presentación Bernardo Vega ; edición José Chez Checo.
260 ## - PUBLICACIÓN, DISTRIBUCIÓN, ETC.
Lugar de publicación, distribución, etc. Santo Domingo :
Nombre del editor, distribuidor, etc. Fundación Cultural Dominicana,
Fecha de publicación, distribución, etc. 1987.
Fabricante Taller
300 ## - DESCRIPCIÓN FÍSICA
Extensión 240 p. :
Otras características físicas il., gráfcs. ;
Dimensiones 23 cm.
500 ## - NOTA GENERAL
Nota general Incluye índice onomástico.
500 ## - NOTA GENERAL
Nota general Incluye datos biográficos del autor en la contracubierta.
505 0# - NOTA DE CONTENIDO CON FORMATO
Información miscelánea Presentación /
Mención de responsabilidad Bernardo Vega --
Título Prefacio --
-- Introducción : algunos conceptos analíticos --
-- Las fuerzas armadas en el sistema político --
-- El presidente y los generales --
-- Cambio de guardia --
-- Comienza el gobierno de Guzmán --
-- Comentario bibliográfico --
-- Índice onomástico --
Información miscelánea Cuadros.
590 ## - NOTA LOCAL (RLIN)
Nota local Inventariado, 2018/BT
650 #4 - PUNTO DE ACCESO ADICIONAL DE MATERIA--TÉRMINO DE MATERIA
Término de materia o nombre geográfico como elemento de entrada Supremacía de la autoridad civil
Subdivisión geográfica República Dominicana
9 (RLIN) 11687
651 #0 - PUNTO DE ACCESO ADICIONAL DE MATERIA--NOMBRE GEOGRÁFICO
Nombre geográfico República Dominicana
Subdivisión general Política y gobierno
9 (RLIN) 45
651 #4 - PUNTO DE ACCESO ADICIONAL DE MATERIA--NOMBRE GEOGRÁFICO
Nombre geográfico República Dominicana
Subdivisión general Fuerzas Armadas
-- Actividad política
9 (RLIN) 11686
700 1# - PUNTO DE ACCESO ADICIONAL--NOMBRE DE PERSONA
Nombre de persona Vega, Bernardo,
Fechas asociadas al nombre 1938 -
Término indicativo de función/relación pról.
9 (RLIN) 3222
700 1# - PUNTO DE ACCESO ADICIONAL--NOMBRE DE PERSONA
Nombre de persona Chez Checo, José,
Fechas asociadas al nombre 1949-
Término indicativo de función/relación ed.
9 (RLIN) 10145
910 ## - DATOS DE OPCIÓN DEL USUARIO (OCLC)
Datos de opción del usuario Validado. Control de calidad. EMS
942 ## - ELEMENTOS DE PUNTO DE ACCESO ADICIONAL (KOHA)
Fuente del sistema de clasificación o colocación Dewey Decimal Classification
Tipo de ítem Koha Libro
Existencias
Estado de retiro Estado de pérdida Fuente del sistema de clasificación o colocación Restricciones de uso No para préstamo Código de colección Localización permanente Ubicación/localización actual Ubicación en estantería Fecha de adquisición Total de préstamos Signatura topográfica completa Código de barras Fecha visto por última vez Número de copia Precio válido a partir de Tipo de ítem Koha
    Dewey Decimal Classification Préstamo en sala   Dominicana de Servicio Biblioteca Nacional Pedro Henríquez Ureña Biblioteca Nacional Pedro Henríquez Ureña Depósito 14.07.2009   BNPHU DS 322.5097293 A873m 3872-30 25.06.2020 e.3 25.06.2020 Libro
    Dewey Decimal Classification Préstamo en sala   Dominicana de Servicio Biblioteca Nacional Pedro Henríquez Ureña Biblioteca Nacional Pedro Henríquez Ureña Depósito 14.07.2009   BNPHU DS 322.5097293 A873m 3872-40 25.06.2020 e.4 25.06.2020 Libro
    Dewey Decimal Classification Préstamo en sala   Dominicana de Servicio Biblioteca Nacional Pedro Henríquez Ureña Biblioteca Nacional Pedro Henríquez Ureña Depósito 15.06.2011   BNPHU DS 322.5097293 A873m 3872-50 25.06.2020 e.5 25.06.2020 Libro
  Extraviado Dewey Decimal Classification Excluido de préstamo   Patrimonio Dominicano Biblioteca Nacional Pedro Henríquez Ureña Biblioteca Nacional Pedro Henríquez Ureña Extraviado 14.07.2009   BNPHU PD 322.5097293 A873m 3872-10 25.06.2020   25.06.2020 Libro
    Dewey Decimal Classification Excluido de préstamo   Patrimonio Dominicano Biblioteca Nacional Pedro Henríquez Ureña Biblioteca Nacional Pedro Henríquez Ureña Depósito 14.07.2009   BNPHU PD 322.5097293 A873m 3872-20 25.06.2020 e.2 25.06.2020 Libro

Con tecnología Koha